Minecraft Mobs: Nautilus - Statistics

General Stats
  • This quiz has been taken 8 times
  • The average score is 4 of 9
Answer Stats
Question Answer % Correct
How many health points does a nautilus have? 15
100%
What is one item that can be used to breed nautiluses? Bucket of Pufferfish | Pufferfish
60%
Other than a saddle, what item can a nautilus be equipped with? Nautilus Armor
60%
What item can a nautilus drop on death? Nautilus Shell
60%
What is an adult nautilus's height in blocks? 0.95
40%
What effect do you get when you ride a nautilus? Breath of the Nautilus
40%
In what biome can nautiluses only spawn in groups of 1? Frozen Ocean
40%
What is an adult nautilus's width in blocks? 0.875
20%
What is the minimum y-level a nautilus can spawn at? 38
20%
No matching quizzes found
Score Distribution
Percent of People with Each Score
Percentile by Number Answered
Your Score History
You have not taken this quiz